Guess the Country names by sounding it out #3 - Statistics

General Stats
  • This quiz has been taken 118 times
  • The average score is 14 of 15
Answer Stats
Hint Answer % Correct
Ostrya Austria
99%
Licktinsteyn Liechtenstein
98%
Yunaitid Kinkdem United Kingdom
98%
Cuwate Kuwait
97%
Billjum Belgium
96%
Buleez Belize
95%
Aisland Iceland
95%
Nyjurr Niger
94%
Broony Brunei
92%
Mulazhya Malaysia
92%
Morritaynea Mauritania
92%
Saishels Seychelles
92%
Oospekuston Uzbekistan
90%
Nowroo Nauru
88%
Cemoha Samoa
75%
No matching quizzes found
Score Distribution
Percent of People with Each Score
Percentile by Number Answered
Your Score History
You have not taken this quiz